000 00554nam a22001937a 4500
005 20251219140642.0
008 251219b |||||||| |||| 00| 0 eng d
020 _a9781529629699
040 _aKMU
_cKMU
_dKMU
_erda
050 _aLB1027
100 _aGoldhawk, Andy
245 _aThe Super Quick Guide to Learning Activities /
_cGoldhawk, Andy
260 _aLondon;
_bLearning Matters,
_c2024.
300 _ax, 132 pages:
_bill.,
_c24 cm.
650 _aEducation.
650 _aTeaching methods.
650 _aClassroom activities.
942 _2lcc
_cBK
_n0
999 _c2507
_d2507